Определение свойств грунтов в трехосных испытаниях: пер. с англ.

Podrobná bibliografie
Hlavní autor: Бишоп А. У. Ален У.
Další autoři: Хенкель Д. Дж.
Jazyk:ruština
Vydáno: Москва, Госстройиздат, 1961
Témata:
Médium: MixedMaterials Kniha
KOHA link:https://koha.lib.tpu.ru/cgi-bin/koha/opac-detail.pl?biblionumber=211662

MARC

LEADER 00000nam0a2200000 4500
001 211662
005 20231101225710.0
035 |a (RuTPU)RU\TPU\book\231232 
090 |a 211662 
100 |a 20120316d1961 k y0rusy50 ca 
101 1 |a rus  |c eng 
102 |a RU 
105 |a a z 001zy 
200 1 |a Определение свойств грунтов в трехосных испытаниях  |e пер. с англ.  |f А. У. Бишоп, Д. Дж. Хенкель 
210 |a Москва  |c Госстройиздат  |d 1961 
215 |a 225 с.  |c ил. 
320 |a Библиогр.: с. 226-229. 
606 1 |a Грунтоведение  |2 stltpush  |3 (RuTPU)RU\TPU\subj\8739  |9 36083 
610 1 |a приборы 
610 1 |a детали 
610 1 |a испытания 
610 1 |a стандартные испытания 
610 1 |a специальные испытания 
675 |a 624.131  |v 3 
700 1 |a Бишоп  |b А. У.  |g Ален У. 
701 1 |a Хенкель  |b Д. Дж. 
801 1 |a RU  |b 63413507  |c 20120316 
801 2 |a RU  |b 63413507  |c 20121122  |g RCR 
942 |c BK